[Event "Majdanpek"]
[Site "Majdanpek"]
[Date "1976.??.??"]
[Round "6"]
[White "Ivkov, Borislav"]
[Black "Planinec, Albin"]
[Result "1/2-1/2"]
[WhiteElo "2520"]
[BlackElo "2485"]
[PlyCount "102"]
[EventDate "1976.01.??"]
[Source "ChessBase"]

1. d4 Nf6 2. c4 b6 3. f3 c5 4. d5 d6 5. Nc3 g6 6. e4 Bg7 7. Nge2 a6 8. a4 e6 9. Bg5 exd5 10. cxd5 O-O 11. Qd2 h6 12. Bxh6 Nxe4 13. Nxe4 Qh4+ 14. g3 Qxh6 15. Qxh6 Bxh6 16. Nxd6 Nd7 17. Kf2 Nf6 18. Nc3 Bd7 19. Nc4 Rfb8 20. Bd3 b5 21. axb5 Bxb5 22. Ra2 Rd8 23. b3 Rab8 24. Be4 Bg7 25. Rc1 Nh5 26. Na5 f5 27. Nxb5 fxe4 28. Nc3 Bd4+ 29. Ke2 exf3+ 30. Kxf3 Bxc3 31. Rxc3 Rxd5 32. Nc4 Rf8+ 33. Kg2 Rf6 34. Ne3 Rg5 35. Rf2 Kf7 36. Rc4 Rxf2+ 37. Kxf2 Nf6 38. Ra4 Rh5 39. h4 Re5 40. Kf3 Re6 41. g4 Rb6 42. Ra3 Rd6 43. Ra4 Rd3 44. Kf4 Rxb3 45. Rxa6 Rd3 46. Rc6 Nd5+ 47. Nxd5 Rxd5 48. g5 Rd4+ 49. Ke5 Rxh4 50. Rc7+ Kg8 51. Kf6 Ra4 1/2-1/2

[Event "Ljubljana"]
[Site "Ljubljana"]
[Date "1997.??.??"]
[Round "11"]
[White "Atalik, Suat"]
[Black "Barle, Janez"]
[Result "1-0"]
[WhiteElo "2555"]
[BlackElo "2450"]
[PlyCount "45"]
[EventDate "1997.05.20"]
[Source "ChessBase"]
[SourceDate "1997.07.29"]

1. d4 Nf6 2. c4 b6 3. Nc3 Bb7 4. Qc2 d5 5. cxd5 Nxd5 6. Nf3 e6 7. e4 Nxc3 8. bxc3 Be7 9. Bb5+ c6 10. Bd3 Nd7 11. Bf4 Rc8 12. O-O c5 13. Qb1 cxd4 14. cxd4 O-O 15. a4 Kh8 16. a5 f5 17. axb6 axb6 18. Ra7 fxe4 19. Bxe4 Bc6 20. Bxc6 Rxc6 21. Qb5 Qc8 22. Rxd7 Qxd7 23. Ne5 1-0

[Event "Majdanpek"]
[Site "Majdanpek"]
[Date "1976.??.??"]
[Round "12"]
[White "Tarjan, James Edward"]
[Black "Planinec, Albin"]
[Result "0-1"]
[WhiteElo "2490"]
[BlackElo "2485"]
[PlyCount "88"]
[EventDate "1976.01.??"]
[Source "ChessBase"]

1. d4 Nf6 2. c4 b6 3. Nc3 Bb7 4. Qc2 e6 5. e4 Bb4 6. Bd3 c5 7. a3 Bxc3+ 8. bxc3 b5 9. Rb1 bxc4 10. Rxb7 cxd3 11. Qxd3 Qc8 12. Rb1 Qc6 13. f3 d5 14. e5 Nfd7 15. Nh3 Qa6 16. Qxa6 Nxa6 17. Rb7 Nb6 18. Be3 O-O 19. Ke2 Na4 20. Kd2 Rfb8 21. Rhb1 Nb6 22. Rxb8+ Rxb8 23. Kd3 Nc4 24. Rxb8+ Nxb8 25. Bc1 Nc6 26. f4 cxd4 27. cxd4 f6 28. exf6 gxf6 29. f5 e5 30. dxe5 fxe5 31. Ng5 Nd6 32. g4 e4+ 33. Ke2 Nd4+ 34. Kd1 Nc4 35. Bf4 Nxa3 36. Bd6 Nab5 37. Bc5 Nc6 38. f6 Ne5 39. Kd2 h6 40. Ne6 Nxg4 41. Be7 d4 42. Bc5 Nxh2 43. Kc2 Nf3 44. Kb3 Kf7 0-1

[Event "Europe vs Americas"]
[Site "Mermaid Beach"]
[Date "1998.02.02"]
[Round "8"]
[White "Gurevich, Dmitry"]
[Black "Peptan, Corina"]
[Result "0-1"]
[WhiteElo "2540"]
[BlackElo "2410"]
[PlyCount "112"]
[EventDate "1998.01.26"]
[Source "ChessBase"]
[SourceDate "1998.03.09"]

1. d4 Nf6 2. c4 b6 3. Nc3 Bb7 4. f3 d5 5. cxd5 Nxd5 6. e4 Nxc3 7. bxc3 e5 8. Be3 Nd7 9. Bc4 Be7 10. Ne2 Bg5 11. Bf2 O-O 12. O-O Qe7 13. a4 a5 14. Qb3 Rad8 15. Rfd1 g6 16. Ng3 h5 17. Bd5 Ba6 18. Bc6 h4 19. Nf1 h3 20. Ng3 hxg2 21. Kxg2 Bf4 22. Bb5 Bc8 23. Rg1 Qh4 24. Kf1 Nf6 25. Ke2 Qh3 26. Raf1 Kg7 27. Bc4 Nh5 28. Nxh5+ Qxh5 29. h4 Rd6 30. Bd3 Bh3 31. Qd1 Rf6 32. Ke1 Rd8 33. Be2 Qh6 34. Qd3 Rfd6 35. Bd1 Qh8 36. Bb3 Bxf1 37. Kxf1 Rf6 38. Rg4 Qf8 39. Qc4 Qa3 40. h5 Qc1+ 41. Kg2 Rh8 42. Bh4 Qd2+ 43. Kf1 Qc1+ 44. Kg2 Qd2+ 45. Kf1 Bg5 46. Rxg5 Rxf3+ 47. Kg1 Qe3+ 48. Kg2 Rf4 49. hxg6 Qxe4+ 50. Kg1 Qe3+ 51. Kg2 Qf3+ 52. Kg1 Rg4+ 53. Rxg4 Qxg4+ 54. Kf1 Qf3+ 55. Ke1 Rxh4 56. gxf7 Qe3+ 0-1

[Event "Elekes Memorial"]
[Site "Budapest HUN"]
[Date "1996.??.??"]
[Round "1"]
[White "Horvath, Jozsef"]
[Black "Petran, Pal"]
[Result "1-0"]
[WhiteElo "2505"]
[BlackElo "2440"]
[PlyCount "59"]
[EventDate "1996.??.??"]
[Source "www.chesslib.no"]
[SourceDate "2004.05.04"]

1. d4 Nf6 2. c4 b6 3. f3 e6 4. e4 d6 5. Nc3 c5 6. d5 exd5 7. cxd5 g6 8. Bg5 Bg7 9. Bb5+ Bd7 10. Bd3 a6 11. a4 Bc8 12. Nge2 Nbd7 13. Ng3 h6 14. Be3 Ne5 15. Be2 h5 16. O-O Rb8 17. Rb1 Qc7 18. Qd2 h4 19. Nh1 Nh5 20. Nf2 f5 21. exf5 gxf5 22. f4 Nf7 23. Bxh5 Rxh5 24. Bxc5 Rh6 25. Bd4 Bxd4 26. Qxd4 Kf8 27. Nd3 b5 28. axb5 axb5 29. Rbc1 Qb6 30. Ne2 1-0

[Event "BEL-ch"]
[Site "Charleroi"]
[Date "2001.07.12"]
[Round "6"]
[White "Dgebuadze, Alexandre"]
[Black "Cekro, Ekrem"]
[Result "1-0"]
[WhiteElo "2547"]
[BlackElo "2393"]
[PlyCount "45"]
[EventDate "2001.07.07"]
[Source "ChessBase"]
[SourceDate "2001.09.11"]

1. d4 Nf6 2. c4 b6 3. Nc3 Bb7 4. Qc2 e6 5. e4 Bb4 6. Bd3 Bxc3+ 7. bxc3 d6 8. f4 Nc6 9. Nf3 Nd7 10. O-O Qe7 11. Ba3 Na5 12. Bb4 Nc6 13. Rab1 Nd8 14. Ba3 c5 15. e5 f5 16. exf6 gxf6 17. d5 e5 18. fxe5 Nxe5 19. Nxe5 dxe5 20. Rbe1 Bc8 21. Bc1 Kd7 22. Qf2 Rf8 23. Bg5 1-0

[Event "XXVII Open A"]
[Site "Bethune FRA"]
[Date "2006.12.29"]
[Round "8"]
[White "Grabarczyk, M."]
[Black "Abergel, T."]
[Result "1/2-1/2"]
[WhiteElo "2463"]
[BlackElo "2474"]
[PlyCount "49"]
[EventDate "2006.12.26"]
[Source "www.chesslib.no"]
[SourceDate "2004.05.04"]

1. d4 Nf6 2. c4 b6 3. g3 Bb7 4. Nf3 e5 5. dxe5 Ng4 6. Bg2 Nxe5 7. Nbd2 Be7 8. O-O Nxf3+ 9. Nxf3 O-O 10. Bd2 Bf6 11. Qc2 Nc6 12. Bc3 Re8 13. e3 a5 14. Qd2 Bxc3 15. Qxc3 Qe7 16. Rfd1 Nb4 17. Nh4 Bxg2 18. Nxg2 Na6 19. Nf4 d6 20. Nd5 Qd7 21. Rd4 Nc5 22. Qc2 f5 23. h4 Re5 24. b3 Rf8 25. Nf4 1/2-1/2

[Event "Rector Cup mas"]
[Site "Kharkiv UCR"]
[Date "2007.03.21"]
[Round "4"]
[White "Korobov, A."]
[Black "Simonian, H."]
[Result "1-0"]
[WhiteElo "2547"]
[BlackElo "2384"]
[PlyCount "135"]
[EventDate "2007.03.18"]
[Source "www.chesslib.no"]
[SourceDate "2004.05.04"]

1. d4 Nf6 2. c4 b6 3. Nc3 Bb7 4. f3 d5 5. cxd5 Nxd5 6. Nxd5 Qxd5 7. e4 Qd7 8. Be3 e6 9. Ne2 Bb4+ 10. Nc3 O-O 11. a3 Bxc3+ 12. bxc3 Ba6 13. c4 Rd8 14. Qc2 Nc6 15. Rd1 Na5 16. Be2 Qe7 17. Qc3 e5 18. d5 f5 19. O-O f4 20. Bf2 c5 21. dxc6 Nxc6 22. Rd5 Nd4 23. Bd3 Bb7 24. Re1 Rac8 25. Qb2 Bxd5 26. exd5 Qd6 27. a4 Re8 28. Qb1 g6 29. Qb2 Nf5 30. Qb3 Re7 31. Re4 Kg7 32. g4 Nd4 33. Qd1 Kg8 34. Kg2 Qa3 35. Bf1 Rce8 36. Qd3 Qxd3 37. Bxd3 Nb3 38. d6 Rb7 39. Re2 Nc5 40. Bxc5 bxc5 41. Be4 Rb6 42. Bd5+ Kf8 43. d7 Rd8 44. a5 Rf6 45. g5 Rd6 46. Rxe5 R8xd7 47. Re4 Ra6 48. Rxf4+ Ke7 49. h4 Rxa5 50. Rf6 Ra2+ 51. Kg3 a5 52. Ra6 Rd6 53. Ra7+ Rd7 54. Ra6 Rc7 55. f4 a4 56. h5 gxh5 57. f5 h4+ 58. Kxh4 a3 59. f6+ Kd8 60. Kg4 Rc8 61. Ra7 Ke8 62. Rxh7 Ra1 63. Rh8+ Kd7 64. Rxc8 Rg1+ 65. Bg2 a2 66. Ra8 a1=Q 67. Rxa1 Rxa1 68. g6 1-0

[Event "It (cat.7)"]
[Site "Alushta (Ukraine)"]
[Date "2007.06.09"]
[Round "10"]
[White "Shishkin Vadim (UKR)"]
[Black "Simonian Hrair (ARM)"]
[Result "1-0"]
[WhiteElo "2515"]
[BlackElo "2402"]
[PlyCount "57"]
[EventDate "2007.??.??"]
[Source "www.chesslib.no"]
[SourceDate "2004.05.04"]

1. d4 Nf6 2. c4 b6 3. Nc3 Bb7 4. Qc2 d5 5. cxd5 Nxd5 6. Nf3 e6 7. e4 Nxc3 8. bxc3 Be7 9. Bd3 c5 10. O-O cxd4 11. cxd4 O-O 12. Bb2 Nc6 13. a3 Rc8 14. Qe2 Bf6 15. Qe3 Qd7 16. Rfd1 Rfd8 17. e5 Be7 18. d5 Qxd5 19. Bxh7+ Kxh7 20. Rxd5 Rxd5 21. Ng5+ Kg8 22. h4 Rcd8 23. Qf4 Bxg5 24. Qxg5 Nd4 25. Bxd4 Rxd4 26. h5 Kh7 27. Rc1 R8d7 28. Rc3 Rd1+ 29. Kh2 1-0

[Event "V Memorial Platonov"]
[Site "Kiev UCR"]
[Date "2007.02.07"]
[Round "6"]
[White "Kruppa, Y."]
[Black "Simonian, H."]
[Result "1-0"]
[WhiteElo "2531"]
[BlackElo "2384"]
[PlyCount "81"]
[EventDate "2007.02.03"]
[Source "www.chesslib.no"]
[SourceDate "2004.05.04"]

1. d4 Nf6 2. c4 b6 3. Nc3 Bb7 4. Qc2 d5 5. cxd5 Nxd5 6. e4 Nxc3 7. bxc3 e6 8. Nf3 Be7 9. Bb5+ c6 10. Bd3 c5 11. O-O O-O 12. d5 exd5 13. exd5 h6 14. c4 Bf6 15. Rb1 Qd6 16. Qe2 Qe7 17. Qd1 Nd7 18. Bf4 Rfe8 19. Bc2 Qe2 20. Qc1 Ba6 21. Ba4 Red8 22. Bb3 Bd4 23. Bg3 Nf6 24. Re1 Qd3 25. Qa3 Bb7 26. Rbd1 Qc3 27. Nxd4 cxd4 28. Be5 Re8 29. Re3 Rxe5 30. Rxc3 dxc3 31. Qc1 Rc8 32. f3 b5 33. Qxc3 Rxd5 34. Rxd5 Nxd5 35. Qd4 bxc4 36. Bxc4 Nb6 37. Bb3 Rf8 38. a4 Bc6 39. a5 Nc8 40. Bc4 Kh7 41. Qc5 1-0

[Event "Biel"]
[Site "?"]
[Date "1979.08.10"]
[Round "13"]
[White "Hartoch Robert G"]
[Black "Sahovic Dragutin"]
[Result "1-0"]
[WhiteElo "2395"]
[BlackElo "2520"]
[PlyCount "89"]
[EventDate "1979.??.??"]
[Source "www.chesslib.no"]
[SourceDate "2004.05.04"]

1. d4 Nf6 2. c4 b6 3. Nc3 Bb7 4. d5 e6 5. a3 exd5 6. cxd5 g6 7. g3 Bg7 8. Bg2 O-O 9. Nh3 Qc8 10. O-O c5 11. Bf4 Ne8 12. Qd2 d6 13. Bh6 Nd7 14. Bxg7 Kxg7 15. b3 Qd8 16. f4 Qf6 17. e3 Nc7 18. Nf2 Kg8 19. Rfe1 b5 20. e4 Qg7 21. Rad1 Nb6 22. Bf1 b4 23. axb4 cxb4 24. Nb5 Nxb5 25. Bxb5 a5 26. Qe3 Nc8 27. e5 Ne7 28. Ng4 dxe5 29. fxe5 Nxd5 30. Rxd5 Bxd5 31. Nf6+ Kh8 32. Nxd5 Rfd8 33. Bc4 Rac8 34. Rf1 Re8 35. Nf6 Re7 36. Qd4 h6 37. Nd5 Re6 38. Nb6 Rce8 39. Bxe6 Rxe6 40. Nc4 Qf8 41. Nxa5 Qa8 42. Nc4 Kg8 43. Qd7 Qf8 44. Kg2 Ra6 45. Qd5 1-0

[Event "Moscow Ch"]
[Site "Moscow RUS"]
[Date "1984.??.??"]
[Round "?"]
[White "Gorelov, Sergey G"]
[Black "Gulko, Boris F"]
[Result "1-0"]
[WhiteElo "2445"]
[BlackElo "2470"]
[PlyCount "115"]
[EventDate "1984.04.??"]
[Source "www.chesslib.no"]
[SourceDate "2004.05.04"]

1. d4 Nf6 2. c4 b6 3. Nc3 Bb7 4. d5 e6 5. a3 Bd6 6. Nf3 O-O 7. g3 c6 8. Bg2 Na6 9. dxc6 dxc6 10. Bg5 Be7 11. Qxd8 Rfxd8 12. Ne5 Rac8 13. Nb5 Bd6 14. Nxd6 Rxd6 15. O-O Nc5 16. Rfd1 Rcd8 17. Rxd6 Rxd6 18. b4 Nce4 19. Bxf6 gxf6 20. Nxf7 Kxf7 21. Bxe4 Rd2 22. Bf3 Rc2 23. Rd1 Ke7 24. Rd4 c5 25. Rh4 Bxf3 26. exf3 Kd6 27. Rxh7 Rxc4 28. bxc5+ bxc5 29. Rxa7 Rc1+ 30. Kg2 c4 31. Ra8 Ra1 32. Rc8 Kd5 33. h4 Rxa3 34. h5 Kd4 35. g4 e5 36. Kg3 Ra1 37. Rd8+ Kc5 38. f4 Rg1+ 39. Kf3 e4+ 40. Kxe4 Rxg4 41. h6 Rh4 42. Rh8 Kb6 43. Kd5 Kb7 44. Kxc4 Rxf4+ 45. Kd5 Rxf2 46. Rf8 Rd2+ 47. Ke6 Re2+ 48. Kxf6 Rf2+ 49. Kg7 Rg2+ 50. Kh7 Kc6 51. Rg8 Ra2 52. Rg5 Rd2 53. Kg6 Rd6+ 54. Kh5 Rd7 55. Rg6+ Kc5 56. Rg7 Rd1 57. h7 Kd6 58. Rg8 1-0

[Event "Bar op"]
[Site "?"]
[Date "2003.??.??"]
[Round "1"]
[White "Ivanisevic Ivan"]
[Black "Minic Dragoljub"]
[Result "1-0"]
[WhiteElo "2555"]
[BlackElo "2355"]
[PlyCount "75"]
[EventDate "2003.??.??"]
[Source "www.chesslib.no"]
[SourceDate "2004.05.04"]

1. d4 Nf6 2. c4 b6 3. f3 e6 4. e4 Bb4+ 5. Nc3 O-O 6. Nge2 d5 7. e5 Nfd7 8. cxd5 exd5 9. a3 Bxc3+ 10. Nxc3 c5 11. dxc5 d4 12. Qxd4 Nc6 13. Qd5 Re8 14. Bf4 Ndxe5 15. Qxd8 Nd3+ 16. Kd2 Rxd8 17. Bxd3 Ba6 18. Bd6 Bxd3 19. Kxd3 bxc5 20. Ne4 f5 21. Rad1 fxe4+ 22. Kxe4 c4 23. Bf4 Rdc8 24. Rd7 Re8+ 25. Kd5 Rac8 26. Rd1 Ne7+ 27. Kd4 Nf5+ 28. Kc3 Ne3 29. R1d2 h6 30. Rxa7 Rc6 31. Rdd7 Rg6 32. g3 Ng2 33. Bd2 Rb8 34. Rab7 Rxb7 35. Rxb7 Rd6 36. Re7 Rd3+ 37. Kc2 Rxf3 38. Re2 1-0

[Event "Budapest act Open"]
[Site "Budapest HUN"]
[Date "1995.??.??"]
[Round "?"]
[White "Varga, Zoltan"]
[Black "Izsak, Gyula"]
[Result "0-1"]
[WhiteElo "2460"]
[BlackElo "2445"]
[PlyCount "80"]
[EventDate "1995.??.??"]
[Source "www.chesslib.no"]
[SourceDate "2004.05.04"]

1. d4 Nf6 2. c4 b6 3. Nc3 Bb7 4. Qc2 d5 5. cxd5 Nxd5 6. Nxd5 Bxd5 7. e4 Bb7 8. Nf3 e6 9. Bb5+ c6 10. Bd3 Bb4+ 11. Bd2 Bxd2+ 12. Qxd2 Nd7 13. e5 c5 14. dxc5 Bxf3 15. gxf3 Nxc5 16. Bb5+ Kf8 17. Qe3 a6 18. Be2 h6 19. b4 Na4 20. Rd1 Qe7 21. Rd6 g6 22. Bd1 b5 23. Bb3 Kg7 24. O-O Rhc8 25. Rfd1 Nc3 26. R1d2 Qg5+ 27. Kf1 Qxe3 28. fxe3 Rc7 29. Rd7 Rxd7 30. Rxd7 Kf8 31. Rc7 Nb1 32. Bc2 Na3 33. Be4 Rd8 34. Ra7 Nc4 35. Rxa6 Rd2 36. Bc6 Nxe3+ 37. Ke1 Rxh2 38. Bxb5 Nc2+ 39. Kf1 Nxb4 40. Ra8+ Kg7 0-1

[Event "VI Cup GM, Paks HUN"]
[Site "?"]
[Date "2001.??.??"]
[Round "4"]
[White "Kustar, S."]
[Black "Groszpeter, A."]
[Result "1/2-1/2"]
[WhiteElo "2405"]
[BlackElo "2495"]
[PlyCount "30"]
[EventDate "2001.??.??"]
[Source "www.chesslib.no"]
[SourceDate "2004.05.04"]

1. d4 Nf6 2. c4 b6 3. f3 g6 4. e4 d6 5. Nc3 Bg7 6. Bd3 c5 7. d5 e6 8. Bg5 exd5 9. cxd5 h6 10. Be3 a6 11. Qd2 Nbd7 12. Nh3 Ne5 13. Nf2 b5 14. a3 Nxd3+ 15. Nxd3 Nd7 1/2-1/2

[Event "Vrnjacka Banja"]
[Site "Vrnjacka Banja"]
[Date "1985.??.??"]
[Round "?"]
[White "Plachetka, Jan"]
[Black "Sahovic, Dragutin"]
[Result "1/2-1/2"]
[WhiteElo "2440"]
[BlackElo "2460"]
[PlyCount "155"]
[EventDate "1985.??.??"]
[Source "www.chesslib.no"]
[SourceDate "2004.05.04"]

1. d4 Nf6 2. c4 b6 3. Nc3 Bb7 4. d5 e6 5. a3 exd5 6. cxd5 g6 7. e4 Bg7 8. Bd3 O-O 9. Nge2 c5 10. O-O d6 11. h3 Nbd7 12. Bg5 a6 13. f4 b5 14. Ng3 c4 15. Bc2 a5 16. Qd2 b4 17. axb4 axb4 18. Rxa8 Bxa8 19. Nd1 b3 20. Bb1 h6 21. Bxf6 Qxf6 22. Ne2 Nc5 23. Qb4 Bb7 24. Ndc3 Ba6 25. e5 Qe7 26. Nd4 Qa7 27. Nc6 Nd3+ 28. Nxa7 Nxb4 29. Rd1 dxe5 30. f5 Rd8 31. fxg6 fxg6 32. Be4 Bf8 33. Nab5 Bc5+ 34. Kh2 Na2 35. Nxa2 Bxb5 36. Nc3 Be8 37. Ne2 Bf7 38. Rc1 Be7 39. Rxc4 Bxd5 40. Bxd5+ Rxd5 41. Nc1 Rd2 42. Nxb3 Rxb2 43. Nc5 Rb5 44. Ne4 Kf7 45. Kg3 Ke6 46. Kf3 Kd5 47. Rc1 Rb3+ 48. Rc3 Rb2 49. Rd3+ Ke6 50. g4 Bb4 51. Re3 Rb1 52. Kg2 Ba5 53. Rd3 Bb4 54. Re3 Rb2+ 55. Kf3 Be7 56. Re2 Rb3+ 57. Re3 Rb8 58. Rc3 Rf8+ 59. Ke3 Rf1 60. Ke2 Rh1 61. Rf3 Kd5 62. Nf2 Rh2 63. Kd3 Bg5 64. Ne4 Bf4 65. Nf2 Rg2 66. Ne4 Rg1 67. Nc3+ Ke6 68. Ke2 Rc1 69. Rd3 Rh1 70. Ne4 Rh2+ 71. Kf1 Ke7 72. Nf2 h5 73. gxh5 gxh5 74. Kg1 h4 75. Rf3 Bg3 76. Ne4 Rxh3 77. Kg2 Rh2+ 78. Kg1 1/2-1/2

[Event "Corr"]
[Site "?"]
[Date "1995.06.30"]
[Round "?"]
[White "Sielaff Rudolf"]
[Black "Keller Manfred (GER)"]
[Result "1-0"]
[WhiteElo "2490"]
[BlackElo "2405"]
[PlyCount "55"]
[EventDate "1995.??.??"]
[Source "www.chesslib.no"]
[SourceDate "2004.05.04"]

1. d4 Nf6 2. c4 b6 3. Nc3 Bb7 4. Qc2 d5 5. cxd5 Nxd5 6. Nf3 g6 7. Nxd5 Qxd5 8. e3 Bg7 9. Qxc7 O-O 10. Qxe7 Nd7 11. Be2 Rfe8 12. Qa3 g5 13. Qb3 Qf5 14. Qb5 Qxb5 15. Bxb5 g4 16. Nd2 Rad8 17. O-O a6 18. Bd3 Nf6 19. b3 h5 20. Ba3 b5 21. Rfe1 h4 22. Bc5 Bh6 23. Nf1 Kh8 24. Rac1 Nd5 25. Bf5 Rg8 26. g3 h3 27. Nd2 Rg5 28. Be4 1-0

[Event "BUL Ch"]
[Site "Sofia BUL"]
[Date "1985.??.??"]
[Round "2"]
[White "Semkov, Semko"]
[Black "Popchev, Milko"]
[Result "1-0"]
[WhiteElo "2410"]
[BlackElo "2480"]
[PlyCount "81"]
[EventDate "1985.??.??"]
[Source "www.chesslib.no"]
[SourceDate "2004.05.04"]

1. d4 Nf6 2. c4 b6 3. f3 e6 4. e4 Bb4+ 5. Nc3 c5 6. d5 Bxc3+ 7. bxc3 d6 8. Bd3 Nbd7 9. dxe6 fxe6 10. f4 Bb7 11. Qe2 e5 12. f5 Nxe4 13. Qh5+ Kf8 14. Nf3 Nef6 15. Qh3 Kg8 16. Ng5 Qe7 17. O-O h6 18. Ne6 Nf8 19. a4 e4 20. Nxf8 Qxf8 21. Be2 Ba6 22. Be3 d5 23. a5 Bxc4 24. Bxc4 dxc4 25. axb6 axb6 26. Rxa8 Qxa8 27. Qg3 Qd5 28. Qg6 Nd7 29. Qe8+ Nf8 30. f6 Qe6 31. f7+ Kh7 32. Rd1 Qf6 33. Qxe4+ Qg6 34. Qb7 Qe6 35. Bf2 Ng6 36. Re1 Qf6 37. Re8 Rf8 38. Rxf8 Nxf8 39. Qe4+ Qg6 40. Qe8 Ne6 41. Qg8# 1-0

[Event "YUG-ch35"]
[Site "?"]
[Date "1980.03.??"]
[Round "11"]
[White "Kelecevic Nedeljko"]
[Black "Sahovic Dragutin"]
[Result "1/2-1/2"]
[WhiteElo "2380"]
[BlackElo "2485"]
[PlyCount "26"]
[EventDate "1980.??.??"]
[Source "www.chesslib.no"]
[SourceDate "2004.05.04"]

1. d4 Nf6 2. c4 b6 3. Nc3 Bb7 4. Qc2 d5 5. cxd5 Nxd5 6. Nf3 e6 7. Bg5 Be7 8. Nxd5 exd5 9. Bxe7 Qxe7 10. Rc1 c6 11. e3 Nd7 12. Bd3 h6 13. O-O O-O 1/2-1/2

[Event "Reykjavik op"]
[Site "Reykjavik"]
[Date "1982.??.??"]
[Round "?"]
[White "Kindermann, Stefan"]
[Black "Sahovic, Dragutin"]
[Result "0-1"]
[WhiteElo "2410"]
[BlackElo "2450"]
[PlyCount "80"]
[EventDate "1982.02.??"]
[Source "ChessBase"]

1. d4 Nf6 2. c4 b6 3. Nc3 Bb7 4. d5 e6 5. a3 exd5 6. cxd5 g6 7. g3 Bg7 8. Bg2 O-O 9. Nf3 c5 10. dxc6 dxc6 11. O-O Qe7 12. Bf4 Rd8 13. Qc2 c5 14. Rad1 Nc6 15. Nb5 Ne8 16. e4 h6 17. Nc3 g5 18. Nd5 Qe6 19. Be3 Rac8 20. h4 g4 21. Nh2 Nd4 22. Qd2 Bxd5 23. exd5 Qg6 24. b4 Nc7 25. bxc5 bxc5 26. Qa2 Qf5 27. Rc1 Nxd5 28. Nxg4 Qxg4 29. Bxd5 Ne2+ 30. Kh2 Nxc1 31. Bxf7+ Kh8 32. Rxc1 Rc6 33. Rxc5 Rxc5 34. Bxc5 Be5 35. Be7 Rd1 36. Bb3 Re1 37. Bd5 Bxg3+ 38. fxg3 Re2+ 39. Kg1 Rxa2 40. Bf6+ Kh7 0-1

[Event "Ljubljana"]
[Site "Ljubljana"]
[Date "1997.??.??"]
[Round "9"]
[White "Jelen, Igor"]
[Black "Barle, Janez"]
[Result "0-1"]
[WhiteElo "2405"]
[BlackElo "2450"]
[PlyCount "73"]
[EventDate "1997.05.20"]
[Source "ChessBase"]
[SourceDate "1997.07.29"]

1. d4 Nf6 2. c4 b6 3. Nc3 Bb7 4. Qc2 d5 5. cxd5 Nxd5 6. e4 Nxc3 7. bxc3 e5 8. d5 Bd6 9. Nf3 O-O 10. c4 c6 11. Be2 Nd7 12. O-O Rc8 13. Qb1 Qe7 14. Nd2 Rc7 15. Bb2 cxd5 16. cxd5 Rfc8 17. Rc1 Rxc1+ 18. Bxc1 f5 19. f3 Bc5+ 20. Kh1 Bd4 21. Bb2 Qb4 22. Nb3 Bxb2 23. Qxb2 fxe4 24. fxe4 Qxe4 25. Bf3 Qf5 26. Re1 Qf7 27. Qd2 Rd8 28. h3 Nf6 29. Rxe5 Bxd5 30. Qe3 Bxf3 31. Qxf3 Qc7 32. Qe2 Kf8 33. Rf5 Qd6 34. Rf2 Re8 35. Qd2 Qe5 36. Nd4 Kg8 37. Qc3 0-1

[Event "It (young masters)"]
[Site "Hengelo (Netherlands)"]
[Date "2007.08.07"]
[Round "2"]
[White "Kuzubov Yuriy (UKR)"]
[Black "Broekmeulen Jasper (NED)"]
[Result "1-0"]
[WhiteElo "2568"]
[BlackElo "2283"]
[PlyCount "85"]
[EventDate "2007.??.??"]
[Source "www.chesslib.no"]
[SourceDate "2004.05.04"]

1. d4 Nf6 2. c4 b6 3. f3 d5 4. cxd5 Nxd5 5. e4 Nf6 6. Nc3 e6 7. Bf4 c6 8. Bc4 Bb7 9. Nge2 Nbd7 10. O-O Be7 11. e5 Nd5 12. Nxd5 cxd5 13. Bd3 f5 14. exf6 Bxf6 15. Bd6 Nb8 16. Be5 Bxe5 17. dxe5 O-O 18. Nd4 Qe7 19. Rc1 Na6 20. Bb5 Rac8 21. Qe2 Nc5 22. Qe3 a5 23. Rc3 h6 24. Rfc1 Qg5 25. Qxg5 hxg5 26. b3 Kf7 27. a3 Ke7 28. b4 axb4 29. axb4 Rf4 30. Rd1 Na6 31. Rxc8 Bxc8 32. g3 Rxd4 33. Rxd4 Nc7 34. Bd3 Ba6 35. Bxa6 Nxa6 36. Rg4 Kd7 37. b5 Nc7 38. Rxg5 Nxb5 39. Rxg7+ Kc6 40. h4 d4 41. Kf2 d3 42. Ke3 Nd4 43. Kxd3 1-0

[Event "BEL Ch"]
[Site "?"]
[Date "2004.07.07"]
[Round "5"]
[White "Abolianin Arthur"]
[Black "Cekro Ekrem"]
[Result "1/2-1/2"]
[WhiteElo "2414"]
[BlackElo "2434"]
[PlyCount "26"]
[EventDate "2004.??.??"]
[Source "www.chesslib.no"]
[SourceDate "2004.05.04"]

1. d4 Nf6 2. c4 b6 3. Nc3 Bb7 4. Qc2 d6 5. e4 Nbd7 6. Nf3 e5 7. Be2 Be7 8. O-O O-O 9. Re1 Re8 10. b3 Bf8 11. Bf1 exd4 12. Nxd4 Nc5 13. f3 g6 1/2-1/2

[Event "Timisoara"]
[Site "?"]
[Date "1977.05.20"]
[Round "1"]
[White "Ungureanu Emil"]
[Black "Sahovic Dragutin"]
[Result "1-0"]
[WhiteElo "2385"]
[BlackElo "2460"]
[PlyCount "101"]
[EventDate "1977.??.??"]
[Source "www.chesslib.no"]
[SourceDate "2004.05.04"]

1. d4 Nf6 2. c4 b6 3. Nc3 Bb7 4. d5 e6 5. e4 exd5 6. exd5 Be7 7. Nf3 O-O 8. Bd3 c6 9. O-O cxd5 10. cxd5 Bb4 11. Ne4 h6 12. a3 Be7 13. Bc2 Nxe4 14. Bxe4 Re8 15. Re1 Na6 16. Bc2 Bf8 17. Rxe8 Qxe8 18. Bf4 d6 19. Nd4 g6 20. Qd2 Bxd5 21. Nf5 Be4 22. Nxh6+ Bxh6 23. Bxh6 Bxc2 24. Qxc2 Nc5 25. Qd2 Qe5 26. Re1 Qf6 27. Bg5 Qf5 28. Be3 d5 29. b4 Ne6 30. Bd4 Rc8 31. h3 Qf4 32. Qxf4 Nxf4 33. Re7 Ne6 34. Bf6 d4 35. Rxa7 Rc1+ 36. Kh2 d3 37. Ra8+ Nf8 38. Rd8 Kh7 39. Rxd3 Rc2 40. Kg3 Ne6 41. Rd6 g5 42. Rxb6 Kg6 43. Be5 Kf5 44. Rb5 f6 45. Bd4+ Kg6 46. Be3 f5 47. Kh2 f4 48. Ba7 Ra2 49. Ra5 Ng7 50. b5 Rb2 51. Bd4 1-0

[Event "Voronezh RUS"]
[Site "?"]
[Date "2006.06.12"]
[Round "1"]
[White "Zakhartsov Viacheslav V"]
[Black "Turkin Viktor"]
[Result "1-0"]
[WhiteElo "2547"]
[BlackElo "2296"]
[PlyCount "112"]
[EventDate "2006.??.??"]
[Source "www.chesslib.no"]
[SourceDate "2004.05.04"]

1. d4 Nf6 2. c4 b6 3. Nc3 Bb7 4. Qc2 c5 5. d5 e5 6. e4 d6 7. Nf3 g6 8. h3 Bg7 9. Bg5 h6 10. Be3 a6 11. Be2 Nbd7 12. Nd2 O-O 13. a3 Ne8 14. g4 Nc7 15. h4 b5 16. b3 Rb8 17. h5 g5 18. b4 cxb4 19. axb4 bxc4 20. Nxc4 Nf6 21. f3 Qe7 22. Qd2 Ba8 23. Rb1 Nb5 24. Nxb5 axb5 25. Nb6 Nd7 26. Nxa8 Rxa8 27. Bxb5 Rfb8 28. Bc6 Ra3 29. Kf2 Nb6 30. Rhc1 Qa7 31. Rc2 Bf6 32. Rbb2 Bd8 33. Ra2 Qa6 34. Rxa3 Qxa3 35. Qc3 Qa6 36. Qb3 Qa1 37. Rc1 Qa6 38. Qc3 Qa2+ 39. Kg3 Qe2 40. Re1 Qc4 41. Rc1 Qe2 42. Bf2 Kg7 43. Re1 Qa2 44. Qa1 Qd2 45. Qa7 Rc8 46. Ra1 Nc4 47. Ra2 Qc1 48. Kg2 Qf4 49. b5 Rc7 50. Qb8 Ne3+ 51. Bxe3 Qxe3 52. Qxd8 Ra7 53. Rf2 Qc5 54. Be8 Ra1 55. Qd7 Ra7 56. Qc6 Qb4 1-0

[Event "SLO-chT"]
[Site "Celje"]
[Date "2004.11.30"]
[Round "2"]
[White "Zaja, Ivan"]
[Black "Polajzer, Danilo"]
[Result "1/2-1/2"]
[WhiteElo "2459"]
[BlackElo "2382"]
[PlyCount "72"]
[EventDate "2004.11.29"]
[Source "Roberto Alvarez"]
[SourceDate "2004.12.06"]

1. d4 Nf6 2. c4 b6 3. Nc3 Bb7 4. f3 d5 5. cxd5 Nxd5 6. Nxd5 Qxd5 7. e4 Qd7 8. Ne2 g6 9. Nc3 Bg7 10. Be3 Ba6 11. Bxa6 Nxa6 12. Qe2 Nb4 13. d5 a5 14. O-O O-O 15. Rac1 e6 16. a3 Na6 17. Rfd1 Rfc8 18. Qc4 Bf8 19. dxe6 Qxe6 20. Nd5 c5 21. Bg5 Nc7 22. Nf6+ Kh8 23. Nd7 Bg7 24. b3 Qxc4 25. bxc4 Ne6 26. Be3 Rc6 27. Rb1 Bd4 28. Kf2 Rd8 29. Bxd4+ cxd4 30. Ne5 Rc7 31. Rxb6 Kg7 32. Rc1 Nc5 33. Rd1 f6 34. Ng4 Na4 35. Ra6 Nc5 36. Rb6 Na4 1/2-1/2